Informatyka w zastosowaniach ekonomicznych

Enregistré dans:
Détails bibliographiques
Autres auteurs: Ciesielczyk, Teresa
Format: Livre
Langue:polonais
anglais
Publié: Wroclaw Akademia Ekonomiczna im. Oskara Langego we Wroclawiu 1998
Collection:Prace naukowe Nr. 788
Sujets:
Tags: Ajouter un tag
Pas de tags, Soyez le premier à ajouter un tag!

MARC

LEADER 00000nam a2200000 4500
001 c110628
005 20221221082650.3
022 |a 0324-8445 
041 0 |a pol 
041 0 |a eng 
044 |a PL 
245 1 0 |a Informatyka w zastosowaniach ekonomicznych  |c Redaktor naukowy: Teresa Ciesielczyk 
264 1 |a Wroclaw  |b Akademia Ekonomiczna im. Oskara Langego we Wroclawiu  |c 1998 
300 |a 187 s. 
490 1 |a Prace naukowe  |v Nr. 788 
830 0 |a Prace naukowe  |v Nr. 788 
610 2 0 |a informatika 
610 2 0 |a počítače 
610 2 0 |a systémy informačné podnikové 
610 2 0 |a podnik 
610 2 0 |a bezpečnosť 
610 2 0 |a systémy počítačové 
610 2 0 |a riadenie 
610 2 0 |a riziko 
610 2 0 |a simulácia 
610 2 0 |a banky 
610 2 0 |a technika výpočtová 
610 2 0 |a rozhodovanie 
610 2 0 |a administratíva 
700 1 |a Ciesielczyk, Teresa